000 00388nam a2200145Ia 4500
008 230917s9999||||xx |||||||||||||| ||und||
040 _e36253
_aMAIN
041 _aEnglish
082 _a954.029 A19L
100 _aArbuthnot, Alexander John
245 0 _aLord Clive: Foundation of British rule in India
260 _aNew Delhi
_bDeep & Deep
_c1988
300 _axv, 318 p.
942 _cBK
999 _c233229
_d233229